Vědeckotechnický pokrok, investiční výstavba a životný prostředí s využitím výsledků státního výzkumného úkolu Věcné a metodické problémy životního prostředí vytvářeného výstavbou, z období 1971-1975

Saved in:
Bibliographic Details
Format: Book
Language:Czech
Published: Praha Rada pro životní prostředí při vládě ČSR 1980
Tags: Add Tag
No Tags, Be the first to tag this record!

MARC

LEADER 00000nam a2200000 4500
001 c141015
005 20041019155320.6
041 0 |a cze 
044 |a CZ 
245 1 0 |a Vědeckotechnický pokrok, investiční výstavba a životný prostředí  |b s využitím výsledků státního výzkumného úkolu Věcné a metodické problémy životního prostředí vytvářeného výstavbou, z období 1971-1975 
264 1 |a Praha  |b Rada pro životní prostředí při vládě ČSR  |c 1980 
300 |a 148 s.